00446nam a2200169Ia 4500003000500000008004100005020001800046040001900064082000700083100002200090245004900112260005300161300001000214365002300224546001200247700001700259STCL230726s9999 xx 000 0 und d a9780815391937 aSTCLcSTCLbEN 222 aHubbell, J Andrew 0aIntroduction to the environmental humanities bRoutledge Taylor and Francis GroupaLondonc2022 a289 p e32.99 GBPb3450.75 aEnglish aRyan, John C